| 000 | 00000nam##2200000za#4500 |
| 001 | 9.696440 |
| 003 | CaOODSP |
| 005 | 20210927150505 |
| 007 | cr ||||||||||| |
| 008 | 150407|1986||||xxc|||||o f|0| 0 eng|d |
| 040 | |aCaOODSP|beng |
| 043 | |an-cn--- |
| 086 | 1 |aR32-255/1986E-PDF |
| 110 | 1 |aCanada. |bIndian and Northern Affairs Canada. |
| 245 | 10|aTreaty research report - the Williams Treaties / |h[electronic resource]|cby Robert J. Surtees; [for] Treaties and Historical Research Centre. |
| 260 | |aOttawa - Ontario : |bIndian and Northern Affairs |c1986. |
| 300 | |a38p. |
| 504 | |aBibliography. |
| 590 | |a12-32-Supp|b2012-07-11 |
| 690 | 07|aAgreements|2gcpds |
| 720 | 1 |aSurtees, Robert J. |
| 775 | 08|tRapport de recherches sur les traités - les traités Williams / |w(CaOODSP)9.640555 |
| 856 | 40|ahttp://publications.gc.ca|qPDF|s160 KB|uhttps://publications.gc.ca/collections/collection_2012/ainc-inac/R32-255-1986-eng.pdf |